<?xml version="1.0" encoding="UTF-8"?>
<collection xmlns="http://www.loc.gov/MARC21/slim">
 <record>
  <leader>00747pamaa2200193   4500</leader>
  <controlfield tag="001">0000042866</controlfield>
  <controlfield tag="005">20140919090000.0</controlfield>
  <controlfield tag="008">071026                             eng  </controlfield>
  <datafield tag="020" ind1="0" ind2="0">
   <subfield code="a">3191816909 / 3191816902 (pbk.) </subfield>
  </datafield>
  <datafield tag="090" ind1="0" ind2="0">
   <subfield code="a">PF3111 </subfield>
   <subfield code="b">AUF 2003</subfield>
  </datafield>
  <datafield tag="100" ind1="1" ind2="0">
   <subfield code="a">Aufderstrasse </subfield>
  </datafield>
  <datafield tag="245" ind1="1" ind2="0">
   <subfield code="a">Themen aktuell 1 : </subfield>
   <subfield code="b">kursbuch and arbeitsbuch : </subfield>
   <subfield code="b">kursbuch and arbeitsbuch : </subfield>
   <subfield code="b">lektion 1-5  </subfield>
   <subfield code="c">Hartmut Aufderstrasse, Heiko Bock.</subfield>
  </datafield>
  <datafield tag="260" ind1="0" ind2="0">
   <subfield code="a">German: </subfield>
   <subfield code="b">Max Hueber Verlag, </subfield>
   <subfield code="c">2003.</subfield>
  </datafield>
  <datafield tag="300" ind1=" " ind2=" ">
   <subfield code="a">Various pages: </subfield>
   <subfield code="b">ill.; </subfield>
   <subfield code="c">24 cm.</subfield>
  </datafield>
  <datafield tag="500" ind1="0" ind2="0">
   <subfield code="a">Includes 1 CD-ROM titled &quot;Themen aktuell 1 : Kursbuch and Arbeitsbuch / Hartmut Aufderstrasse, Heiko Bock&quot;</subfield>
  </datafield>
  <datafield tag="501" ind1="0" ind2="0">
   <subfield code="a">CFL</subfield>
  </datafield>
  <datafield tag="650" ind1="0" ind2="0">
   <subfield code="a">German language -- </subfield>
   <subfield code="x">Grammar </subfield>
  </datafield>
  <datafield tag="700" ind1="1" ind2="1">
   <subfield code="a">Bock, </subfield>
   <subfield code="h">Heiko </subfield>
  </datafield>
  <datafield tag="901" ind1=" " ind2=" ">
   <subfield code="u">http://www.hueber.de</subfield>
  </datafield>
 </record>
</collection>
